| 000 | 01302nam a2200325Ia 4500 | ||
|---|---|---|---|
| 001 | ebr10433555 | ||
| 003 | CaPaEBR | ||
| 006 | m u | ||
| 007 | cr cn||||||||| | ||
| 008 | 090629s2009 enka s 001 0 eng d | ||
| 020 | _z9781847195005 | ||
| 020 | _z9781847195012 (ebook) | ||
| 040 |
_aCaPaEBR _cCaPaEBR |
||
| 035 | _a(OCoLC)428967081 | ||
| 050 | 1 | 4 |
_aTK5105.5828 _b.S47 2009eb |
| 082 | 0 | 4 |
_a004/.65 _222 |
| 100 | 1 | _aSeroter, Richard. | |
| 245 | 1 | 0 |
_aSOA Patterns with BizTalk Server 2009 _h[electronic resource] : _bimplement SOA strategies for BizTalk Server solutions / _cRichard Seroter. |
| 260 |
_aBirmingham, U.K. : _bPackt Publishing Ltd., _cc2009. |
||
| 300 |
_av, 382 p. : _bill. |
||
| 500 | _aIncludes index. | ||
| 533 |
_aElectronic reproduction. _bPalo Alto, Calif. : _cebrary, _d2011. _nAvailable via World Wide Web. _nAccess may be limited to ebrary affiliated libraries. |
||
| 630 | 0 | 0 | _aMicrosoft BizTalk server. |
| 650 | 0 | _aComputer network architectures. | |
| 650 | 0 | _aService-oriented architecture (Computer science) | |
| 650 | 0 | _aSoftware architecture. | |
| 655 | 7 |
_aElectronic books. _2local |
|
| 710 | 2 | _aebrary, Inc. | |
| 856 | 4 | 0 |
_uhttp://site.ebrary.com/lib/rucke/Doc?id=10433555 _zAn electronic book accessible through the World Wide Web; click to view |
| 999 |
_c146663 _d146663 |
||